Views of society and manners in America : in a series of letters from that country to a friend : in England, during the years 1818, 1819, and 1820 from the first London edition, with additions and corrections by the author /

Bibliographic Details
Main Author: Wright, Frances, 1795-1852
Format: Microform Book
Language:English
Series:Afro-American rare book collection ; 160.
Subjects:

MARC

Tag First Indicator Second Indicator Subfields
LEADER 00000cam a2200000 a 4500
001 in00000086663
005 20151008062710.0
007 he bm| ba||
008 800918s1821 nyu b 00010 eng d
035 |a (OCoLC)06725224 
035 |9 AAK0762AM 
040 |a UUM  |c UUM  |d TXA  |d UtOrBLW 
043 |a n-us--- 
049 |a TXAI 
099 |a fiche  |a C  |a 4072 
100 1 |a Wright, Frances,  |d 1795-1852. 
245 1 0 |a Views of society and manners in America :  |b in a series of letters from that country to a friend : in England, during the years 1818, 1819, and 1820 from the first London edition, with additions and corrections by the author /  |c by a Englishwoman. 
264 3 |a New York :  |b Printed for E. Bliss and E. White,  |c 1821. 
300 |a 387 pages 
336 |a text  |b txt  |2 rdacontent 
337 |a microform  |b h  |2 rdamedia 
338 |a microfiche  |b he  |2 rdacarrier 
533 |a Microfiche.  |b Denver, Colo. :  |c Information Resources Division, Kistler Data Management,  |d 1977.  |e 5 microfihes ; 11 x 15 cm.  |f (Afro- American rare book collection ; [v.160]) 
500 |a Microform. 
651 0 |a United States  |v Aerial views. 
651 0 |a United States  |x Social life and customs. 
651 0 |a United States  |v Pictorial works. 
830 0 |a Afro-American rare book collection ;  |v 160. 
999 |a MARS 
999 f f |s 9a0e86cd-446f-3722-9077-c0cfe4622a35  |i 7d27236c-9c5b-396b-b0be-19bc675de4c2  |t 0 
952 f f |p normal  |a Texas A&M University  |b College Station  |c Sterling C. Evans Library  |d Evans: Microforms (3rd floor)  |t 0  |e fiche C 4072  |h Other scheme  |i microform -- microfiche  |m A14821398821 
998 f f |a fiche C 4072  |t 0  |l Evans: Microforms (3rd floor)